[Event "Belgrade op"]
[Site "Belgrade"]
[Date "1989.??.??"]
[Round "7"]
[White "Drasko, Milan"]
[Black "Jovic, Stanoje"]
[Result "1-0"]
[WhiteElo "2485"]
[BlackElo "2310"]

1.d4 Nf6 2.c4 e6 3.Nf3 Bb4+ 4.Bd2 Bxd2+ 5.Qxd2 d5 6.g3 O-O 7.Bg2 b6 8.cxd5 exd5
9.O-O Bb7 10.Nc3 Nbd7 11.Rac1 c6 12.b4 Qe7 13.Qb2 Rfe8 14.b5 c5 15.dxc5 Nxc5
16.Nd4 g6 17.Rfd1 Nfe4 18.e3 Qf6 19.Rc2 Rad8 20.Rf1 Nxc3 21.Qxc3 Rc8 22.Qa3 a6
23.Qb2 axb5 24.Nxb5 Qd8 25.Rd1 Qd7 26.Nc3 Na4 27.Nxa4 Qxa4 28.Rcd2 b5 29.h4 h5
30.Rd4 Rc4 31.R1d2 Ba8 32.Bxd5 Bxd5 33.Rxd5 b4 34.Rd8 Rc8 35.Rxe8+ Rxe8 36.Rd4 Rb8
37.e4 Qa5 38.Qb3 Qb5 39.Kg2 Qb7 40.a3 Qe7 41.axb4  1-0

[Event "Belgrade op"]
[Site "Belgrade"]
[Date "1989.??.??"]
[Round "9"]
[White "Lalic, Dragan"]
[Black "Drasko, Milan"]
[Result "0-1"]
[WhiteElo "2325"]
[BlackElo "2485"]

1.Nf3 Nf6 2.c4 e6 3.d4 Bb4+ 4.Bd2 c5 5.Bxb4 cxb4 6.Nbd2 d6 7.g3 O-O 8.Bg2 Nc6
9.O-O a5 10.a4 Qc7 11.Nb3 e5 12.d5 Ne7 13.c5 Rd8 14.e4 Nxe4 15.Nxe5 dxe5
16.Bxe4 Nxd5 17.Qf3 Nf6 18.Bf5 Bxf5 19.Qxf5 Rd5 20.Rfd1 Rad8 21.Qc2 h5 22.Rxd5 Rxd5
23.Rd1 Rxd1+ 24.Qxd1 b6 25.cxb6 Qxb6 26.Qc2 Qd8 27.Qc4 g6 28.Kg2 h4 29.Qc5 Qa8+
30.Kh3 Qf3 31.Qxe5 Qg4+ 32.Kg2 h3+  0-1

[Event "Benidorm op"]
[Site "Benidorm"]
[Date "1989.??.??"]
[Round "?"]
[White "Sabanes, V."]
[Black "Jacobs, Byron A"]
[Result "1/2-1/2"]
[WhiteElo "2200"]
[BlackElo "2350"]

1.d4 Nf6 2.c4 e6 3.Nf3 Bb4+ 4.Bd2 c5 5.Bxb4 cxb4 6.a3 Qe7 7.Qb3 bxa3 8.Qxa3 d6
9.Nc3 O-O 10.e4 Nc6 11.e5 dxe5 12.Qxe7 Nxe7 13.dxe5 Nd7 14.O-O-O Nc6 15.Re1 b6
16.Bd3 Rb8 17.Re3 Rd8 18.Rd1 Ba6 19.b3 Nc5 20.Bc2 Rxd1+ 21.Bxd1 Rd8 22.Bc2 Nb4
23.Ne1 Kf8 24.Ne4 Nxc2 25.Kxc2 Nxe4 26.Rxe4 b5 27.Kc3 bxc4 28.bxc4 Rd1 29.Nd3 Bb7
30.Re1 Rxe1 31.Nxe1 Ke7 32.f3 Kd7 33.Nd3 Kc6 34.Kb4 Kb6 35.Nc1 g5 36.h3 a5+
37.Kc3 h5 38.Nd3 Ba6 39.Nb2 Bb7 40.Na4+ Kc7 41.Nc5 Bc6 42.Kb3 Kb6 43.Nd3 g4
44.hxg4 hxg4 45.fxg4 Bxg2 46.Nb2 Bc6 47.g5 Bg2 48.Kc3 Bf3 49.Na4+ Kc7 50.Nb2 Bc6
51.Nd3 Kb6 52.Nb2 a4 53.Kb4 a3 54.Kxa3 Kc5 55.Kb3 Kd4 56.Kb4 Kxe5 57.Kc5 Bf3
58.Kb6 Kf5 59.c5 Kxg5 60.c6 e5 61.Nc4 Kf4 62.c7 Bg4 63.Kc5 f6 64.Nb6 e4 65.Kd4 Be6
66.Nd5+ Kf3 67.Nxf6 e3 68.Ne4 Bc8 69.Nc3 Ba6 70.Ke5 e2  1/2-1/2

[Event "Bern op"]
[Site "Bern"]
[Date "1989.??.??"]
[Round "?"]
[White "Ditzler, Juerg"]
[Black "Barbero, Gerardo F"]
[Result "0-1"]
[WhiteElo "2300"]
[BlackElo "2495"]

1.d4 Nf6 2.Nf3 e6 3.c4 Bb4+ 4.Bd2 c5 5.Bxb4 cxb4 6.e3 O-O 7.a3 bxa3 8.Rxa3 d6
9.Be2 Nc6 10.O-O e5 11.Nc3 Bg4 12.Nxe5 dxe5 13.Bxg4 exd4 14.exd4 Qxd4 15.Qxd4 Nxd4
16.h3 h5 17.Bd1 a6 18.Nd5 Nxd5 19.cxd5 Rfd8 20.Bxh5 Rxd5 21.Rd3 Rad8 22.Bd1 Ne2+
23.Bxe2 Rxd3 24.Bxd3 Rxd3 25.Rc1 Rd2 26.b4 Rb2 27.Rc4 g6 28.g4 g5 29.Kg2 Kg7
30.Kg3 b6 31.f4 Rb3+ 32.Kg2 gxf4 33.Rxf4 Ra3 34.Rf5 Ra4 35.b5 a5 36.Rg5+ Kf8
37.Rf5 Rb4 38.Kg3 a4 39.Rd5 Kg7 40.Rg5+ Kf8 41.Rd5 Ke7 42.Kh4 Ke6 43.Rf5 a3
44.Rf3 Ra4 45.Rf1 a2 46.Ra1 f5 47.Kg5 fxg4 48.hxg4 Kd5 49.Kf5 Kc4 50.g5 Kb3
51.Ke6 Rg4 52.Kf5 Rg2  0-1

[Event "Bern op"]
[Site "Bern"]
[Date "1989.??.??"]
[Round "?"]
[White "Ilic, Zoran"]
[Black "Barash, Danny"]
[Result "1-0"]
[WhiteElo "2375"]
[BlackElo "2245"]

1.d4 Nf6 2.Nf3 e6 3.c4 Bb4+ 4.Bd2 c5 5.Bxb4 cxb4 6.g3 O-O 7.Bg2 d6 8.O-O Bd7
9.Qd3 Qc7 10.Nbd2 Nc6 11.d5 Na5 12.a3 bxa3 13.b4 b5 14.bxa5 b4 15.dxe6 fxe6
16.Nb3 Rac8 17.Rfc1 e5 18.Ng5 Kh8 19.Bd5 Ba4 20.Ne6 Qe7 21.Nxf8 e4 22.Qe3 Rxf8
23.Nd4 Qe5 24.Ne6 Qh5 25.Qf4 Re8 26.Ng5 h6 27.Nf7+ Kh7 28.Nxd6 Rf8 29.Bxe4+ Kg8
30.Nf5 Qxe2 31.Ne7+  1-0

[Event "CZE-ch U16"]
[Site "Brno"]
[Date "1989.??.??"]
[Round "1"]
[White "Jirovsky, Pavel"]
[Black "Oral, Tomas"]
[Result "1-0"]
[WhiteElo "2071"]
[BlackElo "1900"]

1.d4 Nf6 2.c4 e6 3.Nf3 Bb4+ 4.Bd2 Qe7 5.g3 O-O 6.Bg2 Bxd2+ 7.Qxd2 d6 8.Nc3 e5
9.e4 Nc6 10.d5 Nb8 11.O-O a5 12.Ne1 Nbd7 13.Nd3 Nb6 14.b3 Nh5 15.f4 exf4
16.gxf4 Bd7 17.Qf2 Rae8 18.Rae1 Qd8 19.Kh1 Nf6 20.h3 Bc8 21.Re3 Nfd7 22.e5 Re7
23.Rfe1 Rfe8 24.Nb5 Nf8 25.Nd4 Ng6 26.Qg3 Rf8 27.f5 c5 28.fxg6 cxd4 29.gxh7+ Kh8
30.Re4 dxe5 31.Nxe5 Rc7 32.Rxd4 Kxh7 33.Nf3 Bf5 34.Rd2 Kg8 35.Rde2 Nc8 36.Nd4 Bg6
37.Be4 Ne7 38.d6  1-0

[Event "CZE-ch U16"]
[Site "Brno"]
[Date "1989.??.??"]
[Round "3"]
[White "Babula, Vlastimil"]
[Black "Oral, Tomas"]
[Result "1-0"]
[WhiteElo "2132"]
[BlackElo "1900"]

1.d4 Nf6 2.c4 e6 3.Nf3 Bb4+ 4.Bd2 Qe7 5.g3 O-O 6.Bg2 Bxd2+ 7.Qxd2 d6 8.Nc3 e5
9.O-O Re8 10.e4 Nbd7 11.d5 Nc5 12.Ne1 a5 13.b3 Nfd7 14.Rb1 Nf8 15.a3 f5 16.b4 Nxe4
17.Nxe4 fxe4 18.Bxe4 axb4 19.axb4 h5 20.Nd3 Nh7 21.Bg6 Rf8 22.Bxh5 Rf6 23.Ra1 Rb8
24.f4 e4 25.Rfe1 Rh6 26.Bf3 Nf6 27.Nf2 Bf5 28.Ra3 Kf7 29.Rae3 Re8 30.Qd4 Reh8
31.Nxe4 Bxe4 32.Bxe4 Nxe4 33.Rxe4 Qd7 34.Qe3 Qf5 35.Re7+ Kg6 36.Qe6+  1-0

[Event "Perenyi mem-B"]
[Site "Budapest"]
[Date "1989.??.??"]
[Round "?"]
[White "Novikov, Igor A"]
[Black "Kiss, Attila"]
[Result "1-0"]
[WhiteElo "2490"]
[BlackElo "2360"]

1.d4 Nf6 2.c4 e6 3.Nf3 Bb4+ 4.Bd2 a5 5.g3 d6 6.Bg2 Nbd7 7.O-O e5 8.Nc3 exd4
9.Nxd4 c6 10.Qc2 O-O 11.Bf4 Ne5 12.Na4 Ng6 13.Bg5 h6 14.Bxf6 Qxf6 15.Nb3 Qe7
16.e4 Ne5 17.a3 Bc5 18.Nbxc5 dxc5 19.f4 Nd7 20.Rae1 b5 21.Nc3 bxc4 22.e5 Ra6
23.Ne4 Rb6 24.Nd6 Ba6 25.Rf2 Rfb8 26.Nxc4 Bxc4 27.Qxc4 Rxb2 28.Rxb2 Rxb2
29.Bxc6 Rd2 30.Qc3 Rd4 31.Qxa5 c4 32.Qa7 Qc5 33.Qxc5 Nxc5 34.Rc1 Nd3 35.Rc3 g5
36.Bb5 gxf4 37.Rxc4 Rxc4 38.Bxc4 Nxe5 39.Bb5 fxg3 40.hxg3 Nf3+ 41.Kf2 Nd4
42.a4 Kf8 43.Ke3 Nb3 44.Kd3 Ke7 45.Kc4 Na5+ 46.Kb4 Nb7 47.Bc6 Nd6 48.Kc5 Nc8
49.a5 Kd8 50.Bb7 Ne7 51.Kb6 Ng6 52.a6 Nf8 53.a7 Nd7+ 54.Kb5 Kc7 55.a8=Q  1-0

[Event "Perenyi mem-B"]
[Site "Budapest"]
[Date "1989.??.??"]
[Round "?"]
[White "Pein, Malcolm"]
[Black "Farago, Sandor"]
[Result "1/2-1/2"]
[WhiteElo "2405"]
[BlackElo "2395"]

1.d4 Nf6 2.c4 e6 3.Nf3 Bb4+ 4.Bd2 c5 5.Bxb4 cxb4 6.g3 O-O 7.Bg2 d6 8.O-O Re8
9.Qb3 a5 10.a3 Na6 11.axb4 Nxb4 12.Rd1 Rb8 13.Nc3 b6 14.e4 Bb7 15.Ne1 Qe7
16.Nc2 Nxc2 17.Qxc2 e5 18.Rd2 Rec8 19.b3 b5 20.Nxb5 Bxe4 21.Bxe4 Rxb5 22.Bf5 Rc7
23.Qd1 Rb8 24.Rxa5 g6 25.dxe5 dxe5 26.Bc2 e4 27.Re2 h5 28.h4 Rb6 29.Ra8+ Kg7
30.Bxe4 Nxe4 31.Qd4+ Qf6 32.Qxe4 Rxb3 33.Qe8 Rb1+ 34.Kh2 Kh7 35.Qg8+ Kh6
36.Ra6 Qg7 37.Qxg7+ Kxg7 38.Rc2 Rc5 39.Ra7 Rb4 40.Re2 Rbxc4  1/2-1/2

[Event "Elekes mem"]
[Site "Budapest"]
[Date "1989.??.??"]
[Round "?"]
[White "Petran, Pal"]
[Black "Cladouras, Panagiotis"]
[Result "1-0"]
[WhiteElo "2440"]
[BlackElo "2385"]

1.d4 Nf6 2.c4 e6 3.Nf3 Bb4+ 4.Bd2 a5 5.g3 d6 6.Bg2 Nbd7 7.O-O e5 8.Bxb4 axb4
9.Qb3 c5 10.dxe5 dxe5 11.Nbd2 O-O 12.a3 bxa3 13.Rxa3 Rxa3 14.Qxa3 Re8 15.Ng5 Qc7
16.Rd1 Nf8 17.Nde4 Nxe4 18.Nxe4 Rd8 19.Ra1 b6 20.Nc3 Be6 21.Nd5 Bxd5 22.Bxd5 Nd7
23.Qa7 Qxa7 24.Rxa7 Kf8 25.Rb7 Ke7 26.Bc6 f5 27.f3 f4 28.Kf2 h5 29.h4 Ke6
30.g4 hxg4 31.fxg4 e4 32.Bxe4 Ne5 33.Bd5+ Kd6 34.Rxb6+ Kc7 35.Rb7+  1-0

[Event "Spring op"]
[Site "Budapest"]
[Date "1989.??.??"]
[Round "?"]
[White "Gorelov, Sergey G"]
[Black "Cladouras, Panagiotis"]
[Result "1-0"]
[WhiteElo "2455"]
[BlackElo "2385"]

1.Nf3 Nf6 2.c4 e6 3.d4 Bb4+ 4.Bd2 Qe7 5.g3 O-O 6.Bg2 Bxd2+ 7.Qxd2 d6 8.O-O Re8
9.Nc3 a5 10.e4 e5 11.h3 Nc6 12.Rfe1 h6 13.Rad1 Nh7 14.Nd5 Qd8 15.dxe5 dxe5
16.Qc3 Bd7 17.Kh2 Qc8 18.c5 f6 19.Nh4 Nf8 20.f4 Ne6 21.Nf5 Ned4 22.Nxh6+ gxh6
23.Nxf6+ Kg7 24.Nxe8+ Qxe8 25.fxe5 Qxe5 26.Rxd4 Qxd4 27.Rd1 Qxc3 28.Rxd7+ Kf6
29.bxc3 Rc8 30.Kg1 Ne5 31.Rd1 b6 32.cxb6 cxb6 33.Rd6+ Ke7 34.Rxb6 Rxc3 35.g4 Ra3
36.Rxh6 Rxa2 37.Ra6 a4 38.Kh2 a3 39.Kg3 Ra1 40.h4 Nc4 41.h5 Rb1 42.h6 Kf7
43.e5 Nxe5 44.Bd5+ Kf8 45.Rf6+  1-0

[Event "Elekes mem"]
[Site "Budapest"]
[Date "1989.??.??"]
[Round "?"]
[White "Timoshchenko, Gennadi A"]
[Black "Cladouras, Panagiotis"]
[Result "1-0"]
[WhiteElo "2460"]
[BlackElo "2385"]

1.d4 Nf6 2.c4 e6 3.Nf3 Bb4+ 4.Bd2 Qe7 5.g3 O-O 6.Bg2 Bxd2+ 7.Qxd2 d6 8.Nc3 Re8
9.e4 e5 10.O-O Bg4 11.Ne1 Nc6 12.h3 Bd7 13.Nc2 exd4 14.Nxd4 Nxd4 15.Qxd4 c5
16.Qd2 Bc6 17.Rfe1 a6 18.Re3 Qe6 19.Qe2 b5 20.b3 b4 21.Nd5 Bxd5 22.cxd5 Qd7
23.f4 Qb5 24.e5 Qxe2 25.Rxe2 Nd7 26.Rae1 Kf8 27.Kf2 a5 28.h4 a4 29.Bh3 Nb6
30.exd6 Rxe2+ 31.Rxe2 axb3 32.axb3 Rd8 33.Rc2 Rxd6 34.Rxc5 Nxd5 35.Rb5 g6
36.Bf1 f5 37.Bc4 Nf6 38.Rxb4 Ne4+ 39.Kf3 h5 40.Rb7 Rd2 41.Rf7+ Ke8 42.Rg7 Rc2
43.Rxg6 Rc3+ 44.Kg2 Rc2+ 45.Kf3 Rc3+ 46.Kg2 Rc2+ 47.Kf1 Rc3 48.Re6+ Kd7 49.Re5 Rxg3
50.Be6+ Kd6 51.Bxf5 Nd2+ 52.Ke2 Nxb3 53.Kf2 Rc3 54.Bg6 Nd4 55.Bxh5 Rh3 56.Bg4 Rxh4
57.Kg3 Rh8 58.Rg5 Rf8 59.Rg7 Kd5 60.Rd7+ Ke4 61.Re7+ Kd5 62.Re5+ Kd6 63.Ra5 Rg8
64.f5 Nxf5+ 65.Rxf5 Rg7 66.Kf4 Rc7 67.Bf3 Ke7 68.Ke5 Kd7 69.Rf6 Ke7 70.Bc6 Kd8
71.Rh6 Re7+ 72.Kd6 Rd7+ 73.Kc5 Rg7 74.Re6 Kc7 75.Re5 Rh7 76.Re3 Rg7 77.Ra3 Kd8
78.Re3 Kc7 79.Re5 Rh7 80.Re8 Rg7 81.Ra8 Re7 82.Kd5 Re1 83.Ra7+ Kb6 84.Rb7+ Ka5
85.Rb5+ Ka6 86.Rb2 Ka5 87.Kd6 Rd1+ 88.Kc7 Rd4 89.Rb5+ Ka6 90.Rc5 Rb4 91.Rc3  1-0

[Event "Elekes mem"]
[Site "Budapest"]
[Date "1989.??.??"]
[Round "?"]
[White "Zysk, Robert"]
[Black "Hansen, Lars Bo"]
[Result "1/2-1/2"]
[WhiteElo "2455"]
[BlackElo "2540"]

1.d4 Nf6 2.Nf3 e6 3.c4 Bb4+ 4.Bd2 Qe7 5.g3 Nc6 6.Bg2 Bxd2+ 7.Nbxd2 d6 8.O-O O-O
9.Re1 e5 10.Nf1 Bg4 11.dxe5 dxe5 12.Ne3 Bxf3 13.exf3 Rfd8 14.Qc1 Qd7 15.Qc3 Qd4
16.Qa3 Qd3 17.b3 Qc3 18.Rad1 Rd4 19.f4 exf4 20.Rc1 Qb4 21.Qxb4 Nxb4 22.Nf5 Rd7
23.Rcd1 Rxd1 24.Rxd1 g6 25.a3 Nc2 26.Ne7+ Kf8 27.Nd5 Rd8 28.Rd2 Nxa3 29.Ra2 Nxd5
30.Rxa3 Nb4 31.Bxb7 fxg3 32.hxg3 a6 33.Ra4 c5 34.Ra5 Rd7 35.Be4 Re7 36.Bf3 Rc7
37.Kg2 Ke7 38.Be4 Kd6 39.Kf3 Re7 40.g4 h6 41.Ra1 Ke5 42.Rd1 f5 43.gxf5 gxf5
44.Bb1 Rg7 45.Re1+ Kd4 46.Bxf5 Rf7 47.Re4+ Kc3 48.Re3+ Kb2 49.Kg4 Nc6 50.f4 Nd4
51.Bg6 Rb7 52.f5 Rxb3 53.Re5 a5 54.Rxc5 a4 55.Rd5 Kc3 56.Ra5 Rb4 57.Bf7 Nc6
58.Rc5 Rb6 59.Be8 a3 60.Bxc6 Ra6 61.f6 a2 62.f7 a1=Q 63.f8=Q Qg1+ 64.Kh3 Ra3
65.Rb5 Qe3+ 66.Bf3 Kc2 67.Rf5 Rc3 68.Qa8 Qd3 69.Kh2 Qxc4 70.Be4+ Kd2 71.Qd8+ Ke3
72.Bg2 Qc7+ 73.Qxc7 Rxc7 74.Rf6 Rc5 75.Re6+ Kd3 76.Kg3 Rg5+ 77.Kf2 Kd4 78.Bf3 Re5
79.Rd6+ Kc5 80.Rd8 h5 81.Kg3 h4+ 82.Kf4 Re7 83.Be4 h3 84.Ke3 h2 85.Rc8+ Kb4
86.Rh8 Re6 87.Kd4 Rd6+ 88.Bd5 h1=Q 89.Rxh1 Rb6 90.Ra1 Kb5 91.Ra3 Kb4 92.Rf3 Kb5
93.Rc3 Kb4 94.Bc6 Ka5 95.Rc4 Rb4  1/2-1/2

[Event "Cannes op"]
[Site "Cannes"]
[Date "1989.??.??"]
[Round "?"]
[White "Zak, Uriel"]
[Black "Mednis, Edmar John"]
[Result "1/2-1/2"]
[WhiteElo "2335"]
[BlackElo "2450"]

1.d4 Nf6 2.c4 e6 3.Nf3 Bb4+ 4.Bd2 Qe7 5.g3 Nc6 6.Bg2 Bxd2+ 7.Nbxd2 d6 8.Nf1 e5
9.Ne3 O-O 10.O-O Re8 11.Re1 e4 12.Nd2 Nb8 13.f3 exf3 14.exf3 Qd8 15.Qb3 Nc6
16.Qc3 Bd7 17.Rad1 Ne7 18.Ne4 Nf5 19.Nxf6+ Qxf6 20.Nd5 Rxe1+ 21.Rxe1 Qxd4+
22.Qxd4 Nxd4 23.Nxc7 Rc8 24.Rd1 Ne2+ 25.Kf2 Rxc7 26.Kxe2 Rxc4 27.Rxd6  1/2-1/2

[Event "Cannes op"]
[Site "Cannes"]
[Date "1989.??.??"]
[Round "?"]
[White "Andruet, Gilles"]
[Black "Levacic, Damir"]
[Result "1/2-1/2"]
[WhiteElo "2420"]
[BlackElo "2285"]

1.d4 Nf6 2.c4 e6 3.Nf3 Bb4+ 4.Bd2 a5 5.Nc3 b6 6.e3 Bb7 7.Bd3 d6 8.Qc2 Nbd7
9.e4 e5 10.O-O exd4 11.Nxd4 Ne5 12.Rfe1 O-O 13.Bf1 Nfg4 14.Nf5 Bc5 15.Nd1 Bc8
16.h3 Nf6 17.Nde3 Re8 18.Bc3 Bb7 19.f3 Nh5 20.Kh1 g6 21.Nh6+ Kf8 22.Neg4 Qh4
23.Qd2 Ng3+ 24.Kh2 Nh5 25.Nxe5 dxe5 26.Ng4 Qg3+ 27.Kh1 Qf4 28.Qxf4 exf4 29.Nf6 Nxf6
30.Bxf6 a4 31.Red1 Bc6 32.Rd2 Re6 33.Bg5 Be3 34.Rd3 f6 35.Bh4 g5 36.Be1 Bc5
37.Bc3 h5 38.Rad1 Ke7 39.Bd4 Bd6 40.Bf2 Be5 41.R3d2 Rd6 42.c5 Rxd2 43.Rxd2 b5
44.Be2 b4 45.Bc4 Rb8 46.b3 axb3 47.axb3 g4 48.hxg4 hxg4 49.fxg4 Bxe4 50.Be2 Bc3
51.Ra2 Bd5 52.Ra7 Be5 53.Bd1 Rd8 54.Be1 Be6 55.Be2 Rb8 56.Bd1 Kd7 57.Kg1 Rd8
58.Bf3 Bxb3 59.Bxb4 Rh8 60.Kf1 Rh1+ 61.Ke2 Bd1+ 62.Kd3 Bxf3 63.gxf3 Rd1+
64.Bd2 Kc6  1/2-1/2

[Event "Caorle op"]
[Site "Caorle"]
[Date "1989.??.??"]
[Round "4"]
[White "Sinadinovic, Andjelko"]
[Black "Cardinali, Marco"]
[Result "1-0"]
[WhiteElo "2000"]
[BlackElo "2020"]

1.d4 Nf6 2.c4 e6 3.Nf3 Bb4+ 4.Bd2 Qe7 5.g3 b6 6.Bg2 Bb7 7.O-O Bxd2 8.Nbxd2 d6
9.Qc2 Nbd7 10.e4 e5 11.d5 O-O 12.b4 a5 13.a3 Nh5 14.Nb3 a4 15.Nc1 g6 16.Bh3 Bc8
17.Ne2 Ndf6 18.Bxc8 Rfxc8 19.Kg2 Qd7 20.h3 c6 21.Qd3 cxd5 22.cxd5 Ne8 23.Rac1 Rc7
24.Rxc7 Nxc7 25.Rc1 Qb5 26.Qe3 Ne8 27.Rc6 Rb8 28.Nc3 Qa6 29.b5 Qa7 30.Nd2 Kf8
31.Nc4 Ke7 32.Nxb6  1-0

[Event "Caorle op"]
[Site "Caorle"]
[Date "1989.??.??"]
[Round "6"]
[White "Miladinovic, Igor"]
[Black "Taimanov, Mark E"]
[Result "1/2-1/2"]
[WhiteElo "2365"]
[BlackElo "2480"]

1.d4 Nf6 2.Nf3 e6 3.c4 Bb4+ 4.Bd2 a5 5.e3 d6 6.Bd3 Qe7 7.O-O e5 8.Be2 Bxd2
9.Nfxd2 O-O 10.Nc3 exd4 11.exd4 Nc6 12.Nf3 Bg4 13.h3 Bh5 14.Re1 Rfe8 15.Qd2 Qd7
16.d5 Bxf3 17.Bxf3 Ne5 18.Be2 Re7 19.Bf1 Rae8 20.Re3  1/2-1/2

[Event "Caorle op"]
[Site "Caorle"]
[Date "1989.??.??"]
[Round "7"]
[White "Drasko, Milan"]
[Black "Pasqualin, Giorgio"]
[Result "1-0"]
[WhiteElo "2505"]
[BlackElo "2045"]

1.d4 Nf6 2.c4 e6 3.Nf3 Bb4+ 4.Bd2 Qe7 5.Nc3 b6 6.Qc2 Bb7 7.e3 Bxc3 8.Bxc3 Ne4
9.Bd3 Nxc3 10.Qxc3 f5 11.O-O-O O-O 12.Qc2 Nc6 13.a3 Qf6 14.Rhe1 e5 15.dxe5 Nxe5
16.Nxe5 Qxe5 17.f4 Qf6 18.g3 Rae8 19.e4 fxe4 20.Bxe4 Bxe4 21.Rxe4 Qc6 22.Rde1 d6
23.Qd3 Rxe4 24.Rxe4 Rf5 25.Kb1 h5 26.Re7 g6 27.Qe2 Kf8 28.Qe6 Qh1+ 29.Ka2 Qc6
30.Rh7  1-0

[Event "Cheliabinsk"]
[Site "Cheliabinsk"]
[Date "1989.??.??"]
[Round "?"]
[White "Ulibin, Mikhail"]
[Black "Kholmov, Ratmir D"]
[Result "1-0"]
[WhiteElo "2495"]
[BlackElo "2480"]

1.d4 Nf6 2.c4 e6 3.Nf3 Bb4+ 4.Bd2 Bxd2+ 5.Qxd2 O-O 6.g3 b6 7.Bg2 Bb7 8.Nc3 d5
9.Ne5 Nbd7 10.Rd1 Ne4 11.Qc2 Nxc3 12.Qxc3 c6 13.Nxd7 Qxd7 14.O-O Qe7 15.Rfe1 Rac8
16.e4 dxc4 17.Qxc4 c5 18.d5 Rcd8 19.a3 h6 20.b4 cxb4 21.axb4 exd5 22.exd5 Qd6
23.b5 Rfe8 24.Qa4 Qc5 25.Rxe8+ Rxe8 26.d6 Re2 27.Qf4 g5 28.Qf6 Qc2 29.Qd4 Bc8
30.d7 Bxd7 31.Qxd7 Rxf2 32.Qe8+ Kg7 33.Qe5+ Rf6 34.Rf1 Qc5+ 35.Qxc5  1-0

[Event "US op"]
[Site "Chicago"]
[Date "1989.??.??"]
[Round "8"]
[White "Dlugy, Maxim"]
[Black "Chow, Albert"]
[Result "1-0"]
[WhiteElo "2570"]
[BlackElo "2360"]

1.d4 Nf6 2.c4 e6 3.Nf3 Bb4+ 4.Bd2 Bxd2+ 5.Qxd2 O-O 6.g3 d5 7.Bg2 Nbd7 8.O-O c6
9.Na3 b6 10.Rac1 Ba6 11.Qb4 c5 12.Qa4 Bb7 13.Rfd1 Qb8 14.cxd5 Bxd5 15.Nb5 Rc8
16.dxc5 Nxc5 17.Qa3 a5 18.Nfd4 Bxg2 19.Kxg2 Qb7+ 20.Qf3 Nce4 21.Nc3 Rab8
22.Ndb5 Nxc3 23.Qxb7 Rxb7 24.Rxc3 Rbb8 25.Rxc8+ Rxc8 26.Rd6 Rb8 27.Na3 Ne4
28.Rc6 Nc5 29.Nc4 Na4 30.b3 Nc3 31.Rxb6 Rxb6 32.Nxb6 Nxa2 33.Nc4 Nc1 34.Nxa5 Nxe2
35.Kf3 Nc3 36.Ke3 Kf8 37.Kd4 Nd5 38.Kc5 Ke7 39.Nc6+ Kd7 40.Ne5+ Ke7 41.b4 f6
42.Nc4 Kd7 43.Nb6+ Nxb6 44.Kxb6 e5 45.b5 e4 46.Ka7 f5 47.b6  1-0

[Event "Clermont Ferrand"]
[Site "Clermont Ferrand"]
[Date "1989.??.??"]
[Round "?"]
[White "Nogueiras, Jesus"]
[Black "Spassky, Boris V"]
[Result "1/2-1/2"]
[WhiteElo "2560"]
[BlackElo "2580"]

1.d4 Nf6 2.c4 e6 3.Nf3 Bb4+ 4.Bd2 Bxd2+ 5.Qxd2 d5 6.e3 O-O 7.Nc3 Qe7 8.Be2 dxc4
9.Bxc4 c5 10.O-O Rd8 11.Qe2 cxd4 12.exd4 Nc6  1/2-1/2

[Event "Copenhagen op"]
[Site "Copenhagen"]
[Date "1989.??.??"]
[Round "2"]
[White "Farago, Ivan"]
[Black "Fries Nielsen, Jens Ove"]
[Result "0-1"]
[WhiteElo "2495"]
[BlackElo "2385"]

1.d4 Nf6 2.c4 e6 3.Nf3 Bb4+ 4.Bd2 c5 5.Bxb4 cxb4 6.g3 d6 7.Bg2 O-O 8.O-O Bd7
9.Qd3 Re8 10.Nbd2 e5 11.Ng5 Nc6 12.d5 Ne7 13.a3 Qb6 14.Qb3 a5 15.axb4 axb4
16.e3 Ra6 17.Rfc1 Rc8 18.Bf1 Bf5 19.Bd3 Bxd3 20.Qxd3 h6 21.Nge4 Nd7 22.Nb3 f5
23.Ned2 Rxa1 24.Rxa1 Qc7 25.Ra4 Nc5 26.Nxc5 dxc5 27.e4 f4 28.Qf3 Qd7 29.Ra7 Rf8
30.Qh5 Nc8 31.Ra8 fxg3 32.hxg3 Qe7 33.Nf3 Qf6 34.Qf5 Qxf5 35.exf5 e4 36.Ne5 Nd6
37.Rxf8+ Kxf8 38.g4 Ke7 39.b3 h5 40.gxh5 Nxf5 41.Ng6+ Kd6 42.Nf4 Nd4 43.Kg2 Nxb3
44.Ne6 Nd2 45.Nxg7 Nxc4 46.Ne8+ Kxd5 47.h6 Ne5 48.Nf6+ Kd4 49.h7 Nf7 50.Kg3 b3  0-1

[Event "CUB-ch"]
[Site "?"]
[Date "1989.??.??"]
[Round "9"]
[White "Borges Mateos, Juan"]
[Black "Velez, Nestor"]
[Result "0-1"]
[WhiteElo "2535"]
[BlackElo "2330"]

1.d4 Nf6 2.c4 e6 3.Nf3 Bb4+ 4.Bd2 c5 5.Bxb4 cxb4 6.a3 bxa3 7.Rxa3 d6 8.Nc3 O-O
9.e3 Nc6 10.Be2 e5 11.O-O Bg4 12.Qd2 Re8 13.Rd1 e4 14.Ne1 Bxe2 15.Qxe2 d5
16.c5 Re6 17.Nc2 a5 18.Rda1 Rb8 19.h3 g5 20.Rb3 Ne8 21.Rb6 Rg6 22.Qb5 g4
23.hxg4 Nf6 24.Kf1 Nxg4 25.Qe2 Nh2+ 26.Ke1 Rxg2 27.Qh5 Qf6 28.Nd1 Nf3+ 29.Ke2 Rg5
30.Qh1 Qg6 31.Nc3 Rh5 32.Qf1 Qg4 33.Kd1 Nfxd4+ 34.Kc1 Nxc2 35.Kxc2 d4 36.Qg1 Rg5
37.Qxg4 d3+ 38.Kd2 Rxg4 39.Nd5 Kg7 40.Nf4 Rg5 41.Ra4 Re8  0-1

[Event "Dortmund-C"]
[Site "Dortmund"]
[Date "1989.??.??"]
[Round "?"]
[White "Bernard, Christophe"]
[Black "Tatai, Stefano"]
[Result "1/2-1/2"]
[WhiteElo "2265"]
[BlackElo "2395"]

1.d4 Nf6 2.Nf3 e6 3.c4 Bb4+ 4.Bd2 Qe7 5.g3 Nc6 6.Bg2 Bxd2+ 7.Nbxd2 d6 8.O-O a5
9.Nb1 e5 10.d5 Nb8 11.Nc3 O-O 12.e4 Bg4 13.Qc2 Bxf3 14.Bxf3 Nbd7 15.Bg2 c6
16.Rad1 Nc5 17.Bh3 g6 18.Rfe1 Na6 19.Qd2 c5 20.f4 Nc7 21.f5 Kh8 22.Rf1 Ng8
23.Rf3 f6 24.fxg6 hxg6 25.Rdf1 Kg7 26.a4 Rf7 27.Nd1 Qe8 28.Nc3 Qe7 29.Nd1 Qe8
30.b3 Qe7 31.Ne3 Nh6 32.Ng2 b6 33.Nh4 Rh8 34.Qf2 Rff8 35.Ng2 Nf7 36.Bg4 Ng5
37.Qe3 Nxf3+ 38.Rxf3 Rh7  1/2-1/2

[Event "Dortmund op"]
[Site "Dortmund"]
[Date "1989.??.??"]
[Round "9"]
[White "Crisan, Alexandru"]
[Black "Raicevic, Ivica"]
[Result "0-1"]
[WhiteElo "2340"]
[BlackElo "2290"]

1.d4 e6 2.c4 Nf6 3.Nf3 Bb4+ 4.Bd2 a5 5.g3 b6 6.Bxb4 axb4 7.Qb3 Qe7 8.Bg2 Nc6
9.O-O Na5 10.Qc2 Bb7 11.Nbd2 O-O 12.e4 d6 13.e5 dxe5 14.dxe5 Nd7 15.a3 Nc6
16.axb4 Nxb4 17.Qc3 Nc6 18.Ne4 Rfd8 19.Rad1 Qb4 20.Rfe1 h6 21.h4 Kf8 22.Rd2 Ke7
23.Qxb4+ Nxb4 24.Nc3 Nc5 25.Red1 Rxd2 26.Rxd2 Ra1+ 27.Rd1 Rxd1+ 28.Nxd1 Bxf3
29.Bxf3 Nbd3 30.Be4 Nxe5 31.f4 Nxc4 32.Kf2 f5 33.Bf3 Nd3+ 34.Ke2 Ndxb2 35.Nc3 Nd6
36.Kd2 b5 37.Be2 c6 38.Kc2 Na4 39.Nxa4 bxa4 40.Kc3 Ne4+  0-1

[Event "Dortmund op"]
[Site "Dortmund"]
[Date "1989.??.??"]
[Round "10"]
[White "Eperjesi, Laszlo"]
[Black "Tamm, Ulrich"]
[Result "0-1"]
[WhiteElo "2375"]
[BlackElo "2270"]

1.d4 Nf6 2.Nf3 e6 3.c4 Bb4+ 4.Bd2 Qe7 5.g3 O-O 6.Bg2 Bxd2+ 7.Qxd2 d6 8.Nc3 e5
9.O-O c6 10.e4 Re8 11.Rfe1 Nbd7 12.h3 Nf8 13.b4 Qc7 14.a4 Bd7 15.a5 b6 16.Ra3 bxa5
17.Rxa5 Rab8 18.Rea1 Rb7 19.Kh2 Ng6 20.Bf1 h5 21.d5 cxd5 22.Nxd5 Nxd5 23.Rxd5 Bc6
24.Rxd6 Bxe4 25.Ng5 Bf5 26.c5 Qe7 27.Bc4 Rf8 28.g4 hxg4 29.hxg4 Nf4 30.Bxf7+ Rxf7
31.Rd8+ Rf8 32.Qa2+ Be6 33.Rxf8+ Kxf8 34.Nxe6+ Qxe6 35.Qa5 Qd5 36.Rg1 g5  0-1

[Event "EUCup qual"]
[Site "?"]
[Date "1989.??.??"]
[Round "?"]
[White "Schussler, Harry"]
[Black "Kindermann, Stefan"]
[Result "1-0"]
[WhiteElo "2530"]
[BlackElo "2515"]

1.d4 Nf6 2.c4 e6 3.Nf3 Bb4+ 4.Bd2 c5 5.g3 Bxd2+ 6.Qxd2 Ne4 7.Qd3 Qa5+ 8.Nbd2 Nxd2
9.Nxd2 cxd4 10.Qxd4 O-O 11.Bg2 Qc7 12.Ne4 Nc6 13.Qd6 Qb6 14.b3 Qa5+ 15.Nd2 Qe5
16.Qxe5 Nxe5 17.O-O Rb8 18.Ne4 f5 19.Nd6 Nf7 20.Rfd1 Nxd6 21.Rxd6 b6 22.Rad1 Kf7
23.e4 fxe4 24.Bxe4 h6 25.f4 Ke7 26.h4 Rd8 27.f5 exf5 28.Bxf5 Rb7 29.h5 Rc7
30.Rg6 Kf8 31.Be6 d6 32.Bxc8 Rcxc8 33.Rgxd6 Rxd6 34.Rxd6 Ke7 35.Rg6 Kf7 36.Rd6 Ke7
37.Rg6 Kf7 38.Kf2 Rc5 39.g4 b5 40.cxb5 Rxb5 41.Ra6 Rb7 42.Ke3 Ke7 43.Ke4 Kd7
44.Kf5 Ke7 45.Kg6 Kf8 46.Rc6  1-0

[Event "FRA-chT"]
[Site "?"]
[Date "1989.??.??"]
[Round "?"]
[White "Bernard, Christophe"]
[Black "Levacic, Damir"]
[Result "1-0"]
[WhiteElo "2320"]
[BlackElo "2285"]

1.d4 Nf6 2.Nf3 e6 3.c4 Bb4+ 4.Bd2 a5 5.g3 d5 6.a3 Bd6 7.Nc3 c6 8.c5 Bc7 9.Bg2 Nbd7
10.O-O e5 11.dxe5 Nxe5 12.Nxe5 Bxe5 13.Na4 Bf5 14.Qb3 Qe7 15.Rac1 O-O 16.Rfd1 Ra7
17.e3 Bg4 18.f3 Bf5 19.Be1 h5 20.Bf2 Bc7 21.Re1 Nd7 22.Qc3 Ne5 23.Rcd1 Qe6
24.Qd4 g6 25.Nc3 Bh3 26.e4 dxe4 27.Nxe4 Bxg2 28.Kxg2 Rd8 29.Qxd8+ Bxd8 30.Rxd8+ Kg7
31.Bd4 f6 32.Nxf6 Kxf6 33.Rd6  1-0

[Event "FRA-chT"]
[Site "?"]
[Date "1989.??.??"]
[Round "?"]
[White "Pinter, Jozsef"]
[Black "Cerisier, Philippe"]
[Result "1-0"]
[WhiteElo "2550"]
[BlackElo "2275"]

1.d4 Nf6 2.c4 e6 3.Nf3 Bb4+ 4.Bd2 a5 5.g3 d6 6.Bg2 Nbd7 7.O-O e5 8.e3 Bxd2
9.Qxd2 O-O 10.Nc3 c6 11.Qc2 Re8 12.e4 Qc7 13.Rad1 b6 14.b3 Ba6 15.Rfe1 Rad8
16.Nb1 Qb8 17.Qc3 c5 18.d5 Qc7 19.Nfd2 b5 20.cxb5 Bxb5 21.Na3 Ba6 22.Ndc4 Bxc4
23.bxc4 Ra8 24.Nb5 Qb8 25.Rb1 Nb6 26.Rb3 Qd8 27.Reb1 Ra6 28.Na3 Re7 29.Qb2 Rb7
30.Qe2 Ne8 31.Bh3 Nc7 32.f4 Qe7 33.Bc8  1-0

[Event "Frunze op"]
[Site "Frunze"]
[Date "1989.??.??"]
[Round "?"]
[White "Itkis, Boris"]
[Black "Kengis, Edvins"]
[Result "1/2-1/2"]
[WhiteElo "2310"]
[BlackElo "2465"]

1.d4 Nf6 2.Nf3 e6 3.c4 Bb4+ 4.Bd2 c5 5.Bxb4 cxb4 6.e3 O-O 7.Be2 d6 8.O-O Nc6
9.a3 bxa3 10.Rxa3 e5 11.Nc3 Bg4 12.h3 Bxf3 13.Bxf3 exd4 14.exd4 Qb6 15.Rb3 Qc7
16.Nd5 Nxd5 17.Bxd5 Rab8 18.Re1 Ne7 19.Qf3 Nxd5 20.Qxd5 Qc6 21.Re7 Qxd5 22.cxd5 g6
23.g3 Rfe8 24.Rxe8+ Rxe8 25.Rxb7 Re4 26.Rxa7 Rxd4 27.Ra5 Rb4 28.Ra6 Rxb2
29.Rxd6 Rd2 30.Rd8+ Kg7 31.Kg2 Rd3 32.Kf1 Rd2 33.Ke1 Ra2 34.Re8 Kf6 35.f4 h5
36.Re5 Ra4 37.h4 Rd4 38.Ke2 Kg7 39.Ke3 Rd1  1/2-1/2